| 000 | 00336nam a2200121Ia 4500 | ||
|---|---|---|---|
| 005 | 20260328104256.0 | ||
| 008 | 260328s9999||||xx |||||||||||||| ||und|| | ||
| 100 | _aSeaton, Matt | ||
| 245 | 0 |
_aOn Your Bike : _bthe complete Guide to cycling / _cMatt Seaton |
|
| 260 | _bBlack Dog | ||
| 650 | _aDISEÑO INDUSTRIAL - ELEMENTOS | ||
| 942 | _cBK | ||
| 999 |
_c10421 _d10421 |
||